[Event "Campeonato Pan-Americano Sub-20 Feminino"]
[Site "CXSP, São Paulo"]
[Date "2012.07.01"]
[Round "4.5"]
[White "Cancio-Bello Ayes, Flavia"]
[Black "Ramillo, Vitoria Matheus"]
[Result "1-0"]
[WhiteElo "2190"]
[BlackElo "1778"]
[PlyCount "89"]
[EventDate "2012.06.29"]

1. e4 e5 2. Nf3 Nc6 3. Bb5 a6 4. Ba4 Nf6 5. O-O Be7 6. Bxc6 dxc6 7. d3 Bg4 8.
h3 Bxf3 9. Qxf3 Qd7 10. Nd2 O-O 11. Nc4 Qe6 12. Bd2 Nd7 13. Ne3 Bg5 14. g4 Rfe8
15. Bc3 Nf8 16. Nf5 Ng6 17. Rfe1 c5 18. Qg3 Qf6 19. Kf1 Bf4 20. Qf3 Nh4 21.
Qxf4 exf4 22. Bxf6 Nxf5 23. exf5 gxf6 24. Kg2 Re5 25. Kf3 Rae8 26. Re4 Rxe4 27.
dxe4 Rd8 28. Re1 Rd4 29. e5 fxe5 30. Rxe5 Rc4 31. c3 Ra4 32. a3 Kg7 33. Rxc5 c6
34. Re5 Kf6 35. Re2 h5 36. Re4 hxg4+ 37. hxg4 Ra5 38. Kxf4 c5 39. g5+ Kg7 40.
Re8 Rb5 41. f6+ Kh7 42. b4 cxb4 43. axb4 a5 44. Rf8 Kg6 45. Rg8+ 1-0

[Event "Campeonato Pan-Americano Sub-20 Feminino"]
[Site "CXSP, São Paulo"]
[Date "2012.07.01"]
[Round "4.7"]
[White "Dominguez, Gisella"]
[Black "Guimaraes, Artemis Pamela"]
[Result "0-1"]
[WhiteElo "1824"]
[BlackElo "2042"]
[PlyCount "66"]
[EventDate "2012.06.29"]

1. Nf3 Nf6 2. g3 b5 3. Bg2 Bb7 4. d3 e6 5. e4 d6 6. O-O Be7 7. Re1 O-O 8. Nc3
b4 9. Ne2 c5 10. b3 Nc6 11. h3 a5 12. g4 Qc7 13. g5 Nd7 14. Nf4 Nde5 15. Nxe5
dxe5 16. Nh5 Nd4 17. h4 f5 18. gxf6 Bxf6 19. Nxf6+ Rxf6 20. Bg5 Rg6 21. Kh1 h6
22. Be3 Rf8 23. h5 Rgf6 24. Rc1 Nf3 25. Bxf3 Rxf3 26. Rg1 Qf7 27. Rg6 Qe7 28.
Rg2 Rh3+ 29. Rh2 Qh4 30. Qg1 Rff3 31. Rxh3 Rxh3+ 32. Kg2 Qxh5 33. c3 Qf3+ 0-1

[Event "Campeonato Pan-Americano Sub-20 Feminino"]
[Site "CXSP, São Paulo"]
[Date "2012.07.01"]
[Round "4.8"]
[White "Dall`orsoletta, Alaize"]
[Black "Rothebarth, Ana Vitoria De Paul"]
[Result "0-1"]
[WhiteElo "1728"]
[BlackElo "2020"]
[PlyCount "138"]
[EventDate "2012.06.29"]

1. d4 Nf6 2. c4 e6 3. Nc3 Bb4 4. e3 O-O 5. Bd3 d5 6. Nf3 c5 7. O-O cxd4 8. exd4
dxc4 9. Bxc4 Qc7 10. Qe2 a6 11. Bd2 b5 12. Bd3 Bxc3 13. Bxc3 Nbd7 14. Ne5 Qb6
15. a3 Bb7 16. Rfe1 Rfd8 17. Nxd7 Rxd7 18. Qe5 Qd6 19. Qg5 Nd5 20. Qh4 h6 21.
Bd2 Qe7 22. Qg3 Qf6 23. Re5 Ne7 24. Bc3 Nd5 25. Be4 Nxc3 26. Bxb7 Ne2+ 27. Rxe2
Rxb7 28. Qc3 Rd7 29. Rd1 Rad8 30. Red2 Qf4 31. Qe3 Qd6 32. f4 Qd5 33. Kf2 a5
34. Qf3 Qd6 35. Qe4 b4 36. axb4 Qxb4 37. Ke3 Qb3+ 38. Qd3 Rb7 39. Qc3 Qd5 40.
Qc5 Rb3+ 41. Kf2 Rdb8 42. Qxd5 exd5 43. Ra1 Rxb2 44. Rxb2 Rxb2+ 45. Kf3 Rb5 46.
f5 Kf8 47. Kf4 Ke7 48. Ke5 f6+ 49. Kf4 Kd7 50. Ra2 Kc7 51. Kg4 Kb7 52. Kh5 Ka6
53. Kg6 Rb7 54. g4 Rd7 55. Rb2 a4 56. Rb4 Ka5 57. Rb8 a3 58. Ra8+ Kb4 59. Rb8+
Kc3 60. Ra8 Kxd4 61. Rxa3 Ke4 62. Ra1 d4 63. Re1+ Kd3 64. Rg1 Kc2 65. Rg2+ Kc3
66. Rg3+ d3 67. h4 Kc2 68. Rg2+ d2 69. g5 hxg5 0-1

[Event "Campeonato Pan-Americano Sub-20 Feminino"]
[Site "CXSP, São Paulo"]
[Date "2012.07.01"]
[Round "5.1"]
[White "Pereira, Amanda Marques"]
[Black "Rodriguez Rueda, Paula Andrea"]
[Result "0-1"]
[WhiteElo "1999"]
[BlackElo "2208"]
[PlyCount "58"]
[EventDate "2012.06.29"]

1. e4 c5 2. Nf3 d6 3. d4 cxd4 4. Nxd4 Nf6 5. Nc3 a6 6. f3 e6 7. Be3 b5 8. g4 h6
9. Qd2 Nbd7 10. a3 Bb7 11. O-O-O Qc7 12. Rg1 d5 13. exd5 Nxd5 14. Ne4 Rc8 15.
h4 Nc5 16. Bf2 Nxe4 17. fxe4 Nf6 18. e5 Ne4 19. Nxb5 axb5 20. Bxb5+ Bc6 21. Qe2
Nxf2 22. Bxc6+ Qxc6 23. Qxf2 Bc5 24. Qe2 Bxg1 25. Rxg1 Qc4 26. Qf2 Qc5 27. Qg2
Qxe5 28. Rf1 O-O 29. g5 h5 0-1

[Event "Campeonato Pan-Americano Sub-20 Feminino"]
[Site "CXSP, São Paulo"]
[Date "2012.07.01"]
[Round "5.2"]
[White "Rodrigues, Fernanda Dos Santos"]
[Black "Aponte, Oriana Isabel"]
[Result "0-1"]
[WhiteElo "1893"]
[BlackElo "1948"]
[PlyCount "70"]
[EventDate "2012.06.29"]

1. d4 Nf6 2. c4 g6 3. Nf3 Bg7 4. Nc3 d5 5. Bg5 Ne4 6. cxd5 Nxg5 7. Nxg5 e6 8.
Nf3 exd5 9. e3 O-O 10. Bd3 Nc6 11. a3 Ne7 12. Qc2 c6 13. b4 Bf5 14. O-O Qd6 15.
Na4 Bxd3 16. Qxd3 Nf5 17. Rfc1 Rfc8 18. Rab1 Qe7 19. b5 cxb5 20. Qxb5 Qxa3 21.
Rxc8+ Rxc8 22. Nc5 b6 23. Nd3 Nd6 24. Qb3 Qxb3 25. Rxb3 Bf8 26. g4 Nc4 27. Nf4
a5 28. Nxd5 a4 29. Rb1 a3 30. h3 b5 31. h4 b4 32. Nxb4 Rb8 33. Ra1 Rxb4 34. e4
Rb2 35. Ne1 a2 0-1

[Event "Campeonato Pan-Americano Sub-20 Feminino"]
[Site "CXSP, São Paulo"]
[Date "2012.07.01"]
[Round "5.3"]
[White "Rothebarth, Ana Vitoria De Paul"]
[Black "Cancio-Bello Ayes, Flavia"]
[Result "1/2-1/2"]
[WhiteElo "2020"]
[BlackElo "2190"]
[PlyCount "81"]
[EventDate "2012.06.29"]

1. e4 c5 2. Nc3 Nc6 3. f4 g6 4. Nf3 Bg7 5. Bb5 Nd4 6. O-O a6 7. Bd3 d6 8. Nxd4
cxd4 9. Ne2 Nf6 10. Kh1 e5 11. c3 O-O 12. cxd4 exd4 13. Nxd4 Nxe4 14. Bxe4 Bxd4
15. Qf3 Qe7 16. f5 gxf5 17. Bxf5 Bxf5 18. Qxf5 Qe5 19. Qf3 Rae8 20. d3 Qf6 21.
Bf4 Be5 22. Rad1 Qxf4 23. Qxf4 Bxf4 24. Rxf4 Re2 25. Rg4+ Kh8 26. Rb4 b5 27. a4
Rfe8 28. h3 R8e5 29. Rf1 Kg7 30. Rg4+ Kf8 31. Rgf4 Re7 32. axb5 axb5 33. b4
R2e6 34. Kh2 Ke8 35. Kg3 Rg6+ 36. Kf3 Rge6 37. Kg3 Re3+ 38. R1f3 Rxf3+ 39. Kxf3
Kd7 40. Rf5 Kc6 41. Kf2 1/2-1/2

[Event "Campeonato Pan-Americano Sub-20 Feminino"]
[Site "CXSP, São Paulo"]
[Date "2012.07.01"]
[Round "5.4"]
[White "Jorquera Cabello, Valentina"]
[Black "Cordero, Daniela"]
[Result "1-0"]
[WhiteElo "1937"]
[BlackElo "2090"]
[PlyCount "99"]
[EventDate "2012.06.29"]

1. e4 e6 2. d4 d5 3. Nc3 Nf6 4. e5 Nfd7 5. Nce2 c5 6. f4 Nc6 7. c3 Be7 8. Nf3
O-O 9. h4 f6 10. a3 a5 11. b3 fxe5 12. fxe5 Rxf3 13. gxf3 Bxh4+ 14. Kd2 cxd4
15. cxd4 Nf8 16. Bb2 Bd7 17. f4 Rc8 18. Rc1 Ng6 19. Rc3 Nce7 20. Bh3 Rc6 21.
Kc2 Qf8 22. Rxc6 Nxc6 23. Bg4 Be7 24. Qd3 Qc8 25. Kb1 Nf8 26. Qh3 Na7 27. Nc3
Qc6 28. Rc1 Nb5 29. Na4 Qa6 30. Nc5 Bxc5 31. Rxc5 Qb6 32. a4 Na7 33. f5 exf5
34. Bxf5 Qg6 35. Bxg6 Bxh3 36. Bd3 Nc6 37. Bc3 Bg2 38. Rb5 h5 39. Be1 Nxd4 40.
Rxb7 Nf3 41. Bg3 h4 42. Bxh4 Nxh4 43. b4 axb4 44. a5 Nf3 45. a6 Nxe5 46. a7 d4
47. a8=Q Bxb7 48. Qxb7 Nxd3 49. Qd5+ Kh8 50. Qxd4 1-0

[Event "Campeonato Pan-Americano Sub-20 Feminino"]
[Site "CXSP, São Paulo"]
[Date "2012.07.01"]
[Round "5.5"]
[White "Guimaraes, Artemis Pamela"]
[Black "Alboredo, Julia"]
[Result "1-0"]
[WhiteElo "2042"]
[BlackElo "1729"]
[PlyCount "135"]
[EventDate "2012.06.29"]

1. e4 c5 2. Nf3 a6 3. c4 e6 4. d4 cxd4 5. Nxd4 Nf6 6. Nc3 Bb4 7. Bd3 Nc6 8.
Nde2 d5 9. exd5 exd5 10. cxd5 Nxd5 11. O-O Nxc3 12. Nxc3 O-O 13. Be3 Be6 14.
Qe2 Bxc3 15. bxc3 Qf6 16. Rab1 b5 17. a4 Rac8 18. axb5 axb5 19. Bxb5 Bf5 20.
Rbc1 Rfd8 21. Qf3 Ne5 22. Qg3 Nd3 23. Bxd3 Rxd3 24. Bd4 Rxg3 25. Bxf6 Rg6 26.
Be5 h5 27. Rfe1 h4 28. Re3 Ra6 29. h3 Ra4 30. Rce1 Rd8 31. Bd4 Rda8 32. Rf3 Be6
33. Rf4 g5 34. Rfe4 Ra1 35. Re5 Rxe1+ 36. Rxe1 Kh7 37. Re5 Kh6 38. Be3 Rg8 39.
f4 Kh5 40. Rxg5+ Rxg5 41. fxg5 Kg6 42. Kf2 Kf5 43. g3 Ke4 44. gxh4 Bxh3 45. Kg3
Bf5 46. Bd4 Be6 47. h5 Kf5 48. Be3 Ke4 49. Bd4 Kf5 50. Bf6 Ke4 51. c4 Kf5 52.
c5 Ke4 53. c6 Kf5 54. h6 Kg6 55. c7 Kh7 56. Kf4 Kg8 57. Be7 Kh7 58. Ke5 Kg6 59.
Bf6 Kh7 60. Kd6 Kg6 61. Ke7 Kh7 62. Kd8 Kg6 63. c8=Q Bxc8 64. Kxc8 Kh7 65. Kd7
Kg8 66. Ke8 Kh7 67. Kf8 Kg6 68. Kg8 1-0

[Event "Campeonato Pan-Americano Sub-20 Feminino"]
[Site "CXSP, São Paulo"]
[Date "2012.07.01"]
[Round "5.6"]
[White "Sena Moura, Danielle"]
[Black "Vescovi, Katherine Lemos"]
[Result "1-0"]
[WhiteElo "1892"]
[BlackElo "1752"]
[PlyCount "83"]
[EventDate "2012.06.29"]

1. d4 Nf6 2. c4 g6 3. Nc3 d5 4. cxd5 Nxd5 5. e4 Nxc3 6. bxc3 Bg7 7. Bc4 c5 8.
Ne2 O-O 9. Be3 cxd4 10. cxd4 e6 11. O-O Nc6 12. Rc1 Na5 13. Bd3 Nc6 14. Bc4 Na5
15. Bd3 Nc6 16. Bc4 a6 17. d5 exd5 18. Bxd5 Ne7 19. Bb3 Nc6 20. Bd5 Ne7 21. Bb3
Bd7 22. Nc3 Bc6 23. Bc5 Re8 24. Qf3 Nf5 25. Bd5 Bxd5 26. Nxd5 Nh4 27. Qb3 Rxe4
28. Qxb7 Re5 29. Rfd1 Nf3+ 30. Kh1 Qb8 31. Qxb8+ Rxb8 32. gxf3 Re2 33. a3 Bb2
34. Rb1 Rbe8 35. Rxb2 Re1+ 36. Rxe1 Rxe1+ 37. Kg2 Rd1 38. Ne3 Rd8 39. Rb6 f5
40. Rxa6 f4 41. Ng4 Rd5 42. Nf6+ 1-0

[Event "Campeonato Pan-Americano Sub-20 Feminino"]
[Site "CXSP, São Paulo"]
[Date "2012.07.01"]
[Round "5.7"]
[White "Ramillo, Vitoria Matheus"]
[Black "Assef, Nathaly Regina Reis"]
[Result "1-0"]
[WhiteElo "1778"]
[BlackElo "1529"]
[PlyCount "55"]
[EventDate "2012.06.29"]

1. e4 d5 2. exd5 Nf6 3. d4 Bg4 4. f3 Bf5 5. c4 e6 6. dxe6 Bb4+ 7. Nc3 fxe6 8.
Be3 Qe7 9. Nge2 Nc6 10. Qb3 Na5 11. Qa4+ Nc6 12. a3 Bxc3+ 13. Nxc3 O-O 14.
O-O-O a6 15. Bd3 Rfc8 16. c5 Rd8 17. Bxf5 exf5 18. Bg5 Qf7 19. Rhe1 Ne7 20. Re5
h6 21. Bxf6 Qxf6 22. Qc4+ Kh7 23. Re6 Qg5+ 24. Kb1 Nc6 25. d5 Ne7 26. h4 Qxg2
27. Rxe7 Qxf3 28. Qd4 1-0

[Event "Campeonato Pan-Americano Sub-20 Feminino"]
[Site "CXSP, São Paulo"]
[Date "2012.07.01"]
[Round "5.9"]
[White "Fassis, Juliana Maria"]
[Black "Dominguez, Gisella"]
[Result "0-1"]
[WhiteElo "1757"]
[BlackElo "1824"]
[PlyCount "96"]
[EventDate "2012.06.29"]

1. e4 g6 2. d4 Bg7 3. Nc3 c6 4. f4 d5 5. e5 h5 6. Nf3 Nh6 7. Be3 a5 8. Qd2 Na6
9. a3 Nc7 10. Bd3 Bf5 11. O-O Bxd3 12. Qxd3 Nf5 13. Ne2 Ne6 14. Ng5 Qd7 15.
Rac1 Rd8 16. Bf2 O-O 17. c3 f6 18. Nxe6 Qxe6 19. Ng3 fxe5 20. fxe5 Rf7 21. Nxf5
Rxf5 22. Bh4 Rdf8 23. Rxf5 Rxf5 24. Rf1 Rxf1+ 25. Qxf1 Bh6 26. Qe2 Bf4 27. Bf2
Qf5 28. Be3 Qe4 29. Kf2 Bxh2 30. c4 Qh4+ 31. Kf1 Bf4 32. cxd5 cxd5 33. Qd3 Kg7
34. Bg1 Bc1 35. b4 Qf4+ 36. Ke1 axb4 37. axb4 Bb2 38. Be3 Qg3+ 39. Kf1 Bc1 40.
Ke2 Qxg2+ 41. Bf2 Bg5 42. Qf3 Qxf3+ 43. Kxf3 b5 44. Be1 Kf7 45. Kg3 Ke6 46. Kf3
Kf5 47. Bc3 Bc1 48. Kg3 g5 0-1

[Event "Campeonato Pan-Americano Sub-20 Feminino"]
[Site "CXSP, São Paulo"]
[Date "2012.07.02"]
[Round "6.1"]
[White "Aponte, Oriana Isabel"]
[Black "Rodriguez Rueda, Paula Andrea"]
[Result "0-1"]
[WhiteElo "1948"]
[BlackElo "2208"]
[PlyCount "58"]
[EventDate "2012.06.29"]

1. e4 c5 2. Nf3 d6 3. d4 cxd4 4. Nxd4 Nf6 5. Nc3 a6 6. Bc4 e6 7. Bb3 b5 8. O-O
Be7 9. Qf3 Qc7 10. Re1 O-O 11. Qg3 Bd7 12. Bh6 Ne8 13. a3 Nc6 14. Nxc6 Bxc6 15.
Rad1 a5 16. Bg5 Bxg5 17. Qxg5 b4 18. axb4 axb4 19. Nb5 Qa5 20. Bc4 Nc7 21. Re3
Bxb5 22. Rg3 g6 23. Rh3 Qa1 24. Rc1 Qxb2 25. Bxb5 Nxb5 26. Rb3 Qe5 27. Qxe5
dxe5 28. Rxb4 Nd4 29. Kf1 Rfb8 0-1

[Event "Campeonato Pan-Americano Sub-20 Feminino"]
[Site "CXSP, São Paulo"]
[Date "2012.07.02"]
[Round "6.2"]
[White "Jorquera Cabello, Valentina"]
[Black "Guimaraes, Artemis Pamela"]
[Result "1-0"]
[WhiteElo "1937"]
[BlackElo "2042"]
[PlyCount "107"]
[EventDate "2012.06.29"]

1. e4 e5 2. Nf3 Nc6 3. Bc4 Nf6 4. Ng5 d5 5. exd5 Na5 6. Bb5+ c6 7. dxc6 bxc6 8.
Bd3 h6 9. Ne4 Nd5 10. O-O Nf4 11. Be2 Nxe2+ 12. Qxe2 Be7 13. Ng3 Qc7 14. Re1
O-O 15. Qxe5 Bd6 16. Qh5 Nc4 17. d4 Bf4 18. Bxf4 Qxf4 19. b3 Nd6 20. Qd1 Be6
21. Qd2 Qf6 22. Nc3 Rad8 23. Rad1 Qg6 24. Nce2 Nb5 25. c4 Nd6 26. Nf4 Qf6 27.
d5 cxd5 28. Nxd5 Bxd5 29. cxd5 Rfe8 30. Rxe8+ Rxe8 31. h3 a6 32. Rc1 Qe5 33. a4
h5 34. h4 Qf6 35. Nxh5 Qxh4 36. Qf4 Qxh5 37. Qxd6 Qg5 38. Qc6 Re2 39. Qc8+ Kh7
40. Qh3+ Qh6 41. Qxh6+ Kxh6 42. Rc6+ Kg5 43. Rxa6 Re1+ 44. Kh2 Rd1 45. d6 Kf6
46. a5 Ke6 47. b4 Rd5 48. Rb6 Rd2 49. f3 Ra2 50. a6 f6 51. b5 Ra5 52. Rb7 Kxd6
53. a7 g6 54. b6 1-0

[Event "Campeonato Pan-Americano Sub-20 Feminino"]
[Site "CXSP, São Paulo"]
[Date "2012.07.02"]
[Round "6.3"]
[White "Casusol, Cecilia"]
[Black "Pereira, Amanda Marques"]
[Result "1-0"]
[WhiteElo "2039"]
[BlackElo "1999"]
[PlyCount "79"]
[EventDate "2012.06.29"]

1. e4 c5 2. Nf3 e6 3. d4 cxd4 4. Nxd4 a6 5. Bd3 Nf6 6. O-O d6 7. Qe2 Nbd7 8. c4
Qc7 9. Nc3 b6 10. f4 Be7 11. Kh1 O-O 12. Bd2 Rd8 13. Rae1 Bb7 14. f5 Nf8 15.
Rf3 N6d7 16. Rg3 Bf6 17. Nf3 Re8 18. fxe6 fxe6 19. Bg5 Bxg5 20. Nxg5 Ne5 21.
Rf1 Re7 22. Rh3 h6 23. Nf3 Nxd3 24. Qxd3 Ng6 25. Rg3 Nf4 26. Qe3 Qxc4 27. Nd2
Nxg2 28. Nxc4 Nxe3 29. Rxe3 Rd8 30. Nxb6 Bc6 31. Nc4 Rc7 32. Rd1 Rcd7 33. Red3
d5 34. Ne5 Rc7 35. Nxc6 Rxc6 36. exd5 exd5 37. Rxd5 Rf8 38. Rd8 Rb6 39. Rxf8+
Kxf8 40. Rd2 1-0

[Event "Campeonato Pan-Americano Sub-20 Feminino"]
[Site "CXSP, São Paulo"]
[Date "2012.07.02"]
[Round "6.4"]
[White "Rodrigues, Fernanda Dos Santos"]
[Black "Cancio-Bello Ayes, Flavia"]
[Result "0-1"]
[WhiteElo "1893"]
[BlackElo "2190"]
[PlyCount "66"]
[EventDate "2012.06.29"]

1. e4 c5 2. Nc3 Nc6 3. f4 g6 4. Nf3 Bg7 5. Bc4 e6 6. O-O Nge7 7. Qe1 O-O 8. d3
d5 9. Bb3 a6 10. f5 dxe4 11. dxe4 exf5 12. Qh4 b5 13. Ng5 h6 14. Nxf7 Rxf7 15.
Bxf7+ Kxf7 16. Be3 Bd4 17. Qxh6 Bxe3+ 18. Qxe3 Qd4 19. Rae1 Be6 20. exf5 Nxf5
21. Qxd4 cxd4 22. Ne4 Kg7 23. Ng5 Bc4 24. Rf4 Ne3 25. Rf2 Nb4 26. b3 Bd5 27. c3
Nd3 28. Rfe2 Nxe1 29. Rxe1 Nxg2 30. Rd1 Nf4 31. cxd4 Re8 32. Rd2 Kf6 33. h4 Re2
0-1

[Event "Campeonato Pan-Americano Sub-20 Feminino"]
[Site "CXSP, São Paulo"]
[Date "2012.07.02"]
[Round "6.5"]
[White "Ramillo, Vitoria Matheus"]
[Black "Rothebarth, Ana Vitoria De Paul"]
[Result "0-1"]
[WhiteElo "1778"]
[BlackElo "2020"]
[PlyCount "60"]
[EventDate "2012.06.29"]

1. e4 e5 2. Nf3 Nc6 3. d4 exd4 4. Nxd4 g6 5. c4 Bg7 6. Nxc6 bxc6 7. Nc3 Ne7 8.
Be2 O-O 9. Bg5 d6 10. O-O Qe8 11. Rc1 Be6 12. Qa4 Nc8 13. Qa5 f6 14. Bf4 Qf7
15. c5 Re8 16. Qa6 Rb8 17. Qxc6 Rxb2 18. Bb5 Rd8 19. Rfd1 Bf8 20. Nd5 Bxd5 21.
Rxd5 Ne7 22. Qxc7 Nxd5 23. Qxd8 Nxf4 24. c6 Rxb5 25. c7 Ne6 26. g3 Nxd8 27.
cxd8=Q Rb7 28. Rc8 Qe7 29. Qa5 Rb1+ 30. Kg2 Qxe4+ 0-1

[Event "Campeonato Pan-Americano Sub-20 Feminino"]
[Site "CXSP, São Paulo"]
[Date "2012.07.02"]
[Round "6.6"]
[White "Cordero, Daniela"]
[Black "Sena Moura, Danielle"]
[Result "1-0"]
[WhiteElo "2090"]
[BlackElo "1892"]
[PlyCount "93"]
[EventDate "2012.06.29"]

1. d4 Nf6 2. Nf3 g6 3. c4 Bg7 4. g3 O-O 5. Bg2 d6 6. O-O c6 7. Nc3 Qa5 8. e4
Bg4 9. h3 Bxf3 10. Bxf3 Nbd7 11. Be3 e5 12. Bg2 exd4 13. Bxd4 Ne5 14. b3 Nh5
15. Ne2 c5 16. Bc3 Qc7 17. f4 Nc6 18. Bxg7 Nxg7 19. Nc3 Nd4 20. Nd5 Qd8 21. Qd3
Nge6 22. f5 Nc7 23. Nc3 Qe7 24. Rf4 Qe5 25. Raf1 g5 26. R4f2 f6 27. Ne2 Nxe2+
28. Rxe2 Rf7 29. Rd1 Rd8 30. Qe3 b6 31. a3 a5 32. Red2 Rfd7 33. b4 axb4 34.
axb4 Ra8 35. bxc5 bxc5 36. Qb3 Ne8 37. Rd5 Qe7 38. Rb1 Rda7 39. Qd1 Ra4 40. Qd3
Ra3 41. Rb3 R3a6 42. Qd1 Ra1 43. Rb1 R1a4 44. Rd3 Qe5 45. Qc1 Ra1 46. Kh2 R8a3
47. Rxa3 1-0

[Event "Campeonato Pan-Americano Sub-20 Feminino"]
[Site "CXSP, São Paulo"]
[Date "2012.07.02"]
[Round "6.7"]
[White "Dominguez, Gisella"]
[Black "Schucman, Rebeca Lot"]
[Result "1-0"]
[WhiteElo "1824"]
[BlackElo "1575"]
[PlyCount "103"]
[EventDate "2012.06.29"]

1. e4 c5 2. Nc3 Nc6 3. f4 g6 4. Nf3 Bg7 5. Bb5 Nd4 6. Bc4 e6 7. O-O Ne7 8. Nxd4
cxd4 9. Ne2 d5 10. Bb5+ Bd7 11. Bxd7+ Qxd7 12. e5 Nf5 13. g4 d3 14. cxd3 Ne7
15. Ng3 Qb5 16. Rf3 Nc6 17. Ne2 h5 18. g5 Rc8 19. b3 Ne7 20. Ba3 Nf5 21. Rc1
Rc6 22. d4 Bf8 23. Rxc6 bxc6 24. Bxf8 Kxf8 25. Rc3 Kg7 26. Qf1 Rc8 27. Qf2 Qa6
28. a4 Qb6 29. Kh1 Qb4 30. Rd3 Qb6 31. Ng3 Nxg3+ 32. Rxg3 c5 33. dxc5 Rxc5 34.
Rc3 Rc6 35. Qxb6 Rxb6 36. Kg2 Rb7 37. Kf2 Kf8 38. Ke3 Ke7 39. Kd3 Kd7 40. Kc2
Rb4 41. Rc5 Rb6 42. Kc3 a6 43. b4 Kd8 44. b5 a5 45. Kd4 Kd7 46. Rc3 Rb8 47. Rc6
Rc8 48. Rxc8 Kxc8 49. Kc5 Kc7 50. b6+ Kb7 51. Kb5 d4 52. Kxa5 1-0

[Event "Campeonato Pan-Americano Sub-20 Feminino"]
[Site "CXSP, São Paulo"]
[Date "2012.07.02"]
[Round "6.8"]
[White "Alboredo, Julia"]
[Black "Dall`orsoletta, Alaize"]
[Result "1/2-1/2"]
[WhiteElo "1729"]
[BlackElo "1728"]
[PlyCount "93"]
[EventDate "2012.06.29"]

1. e4 c5 2. Nf3 Nc6 3. Bb5 Nd4 4. Nxd4 cxd4 5. O-O g6 6. c3 dxc3 7. Nxc3 Bg7 8.
d3 a6 9. Bc4 e6 10. a4 Ne7 11. Qf3 O-O 12. Re1 Nc6 13. Be3 Qa5 14. Bd2 Qb4 15.
Qe3 Qe7 16. Qg3 Nd4 17. Rac1 b5 18. axb5 axb5 19. Nxb5 Nxb5 20. Bxb5 Bxb2 21.
Rb1 Bg7 22. Bb4 Qd8 23. Bxf8 Qxf8 24. h3 Qd8 25. Rec1 d6 26. Rc6 Be5 27. Qe3
Bd7 28. Rcc1 Bxb5 29. Rxb5 Qf6 30. Rb7 Ra2 31. Qf3 Qxf3 32. gxf3 Bd4 33. Rc8+
Kg7 34. Rcc7 Rxf2 35. Rxf7+ Kh6 36. Rxh7+ Kg5 37. Rbf7 Rxf3+ 38. Kg2 Rxd3 39.
Rf1 Re3 40. Rd7 Be5 41. Re7 Rxe4 42. Rxe6 Re2+ 43. Rf2 Re4 44. Rf1 Kh5 45. Rf2
Rf4 46. Re2 g5 47. R2xe5 1/2-1/2

[Event "Campeonato Pan-Americano Sub-20 Feminino"]
[Site "CXSP, São Paulo"]
[Date "2012.07.02"]
[Round "7.1"]
[White "Rodriguez Rueda, Paula Andrea"]
[Black "Casusol, Cecilia"]
[Result "1-0"]
[WhiteElo "2208"]
[BlackElo "2039"]
[PlyCount "89"]
[EventDate "2012.06.29"]

1. d4 Nf6 2. c4 g6 3. Nc3 Bg7 4. e4 d6 5. f3 O-O 6. Be3 c5 7. d5 e6 8. Bd3 exd5
9. cxd5 Nbd7 10. Nge2 Ne5 11. O-O a6 12. a4 h5 13. Kh1 Bd7 14. Bg1 Nh7 15. Bc2
b5 16. f4 Nc4 17. b3 Na5 18. e5 Bg4 19. axb5 dxe5 20. Bxc5 Re8 21. f5 e4 22.
fxg6 fxg6 23. Bd4 axb5 24. Bxg7 Kxg7 25. Nxb5 Nf6 26. b4 Qb6 27. bxa5 Qxb5 28.
Qd4 Rf8 29. Nc3 Qb2 30. Bxe4 Rac8 31. Rac1 Kh7 32. Bb1 Nxd5 33. Qxd5 Rxc3 34.
Rf7+ Kh6 35. Rcf1 Rxf7 36. Qxf7 Rc6 37. Bd3 Qc3 38. Qf8+ Qg7 39. Qf4+ Kh7 40.
a6 Rc7 41. h3 Be6 42. Bxg6+ Kxg6 43. Qe4+ Kh6 44. Qxe6+ Kh7 45. Qf5+ 1-0

[Event "Campeonato Pan-Americano Sub-20 Feminino"]
[Site "CXSP, São Paulo"]
[Date "2012.07.02"]
[Round "7.2"]
[White "Cancio-Bello Ayes, Flavia"]
[Black "Jorquera Cabello, Valentina"]
[Result "1-0"]
[WhiteElo "2190"]
[BlackElo "1937"]
[PlyCount "115"]
[EventDate "2012.06.29"]

1. e4 c5 2. Nf3 d6 3. d4 cxd4 4. Nxd4 Nf6 5. Nc3 a6 6. h3 e6 7. g4 h6 8. Bg2 g5
9. Be3 Nbd7 10. Qe2 Ne5 11. O-O-O b5 12. f4 gxf4 13. Bxf4 Nfd7 14. Rhf1 b4 15.
Na4 Qa5 16. b3 Be7 17. Qf2 Bb7 18. Nf3 Rh7 19. Nxe5 Nxe5 20. Kb1 Rd8 21. Be3
Nc4 22. bxc4 Qxa4 23. Bb6 Rc8 24. e5 Bxg2 25. exd6 Bxd6 26. Rxd6 Bxf1 27. Qf6
Kf8 28. Rd8+ Rxd8 29. Qxd8+ Kg7 30. Bd4+ e5 31. Bxe5+ f6 32. Qxf6+ Kg8 33. Qg6+
Kf8 34. Bd6+ Re7 35. Qf6+ Kg8 36. Bxe7 Qe8 37. c5 Bb5 38. h4 Qf7 39. Kb2 a5 40.
Qxf7+ Kxf7 41. Bd8 a4 42. Ba5 Bd7 43. g5 hxg5 44. hxg5 Kg6 45. Bd8 Be6 46. c6
Kf5 47. c7 Ke5 48. g6 a3+ 49. Kb1 Kd6 50. g7 Kd7 51. Ka1 Kc8 52. Be7 Kxc7 53.
Bxb4 Kb6 54. Bxa3 Kb5 55. Kb2 Ka4 56. Be7 Bg8 57. a3 Be6 58. Kc3 1-0

[Event "Campeonato Pan-Americano Sub-20 Feminino"]
[Site "CXSP, São Paulo"]
[Date "2012.07.02"]
[Round "7.3"]
[White "Rothebarth, Ana Vitoria De Paul"]
[Black "Aponte, Oriana Isabel"]
[Result "0-1"]
[WhiteElo "2020"]
[BlackElo "1948"]
[PlyCount "54"]
[EventDate "2012.06.29"]

1. e4 c5 2. Nc3 Nc6 3. f4 e6 4. Nf3 g6 5. Bb5 Nge7 6. e5 d5 7. exd6 Qxd6 8. O-O
Bg7 9. d3 O-O 10. Bd2 Nd4 11. Nxd4 Bxd4+ 12. Kh1 a6 13. Bc4 b5 14. Bb3 Bb7 15.
Qe2 Qc6 16. Nd1 Nf5 17. Be1 Bf6 18. c3 Rad8 19. Bc2 Rfe8 20. Qg4 e5 21. fxe5
Rxe5 22. Bd2 Nh4 23. Rf2 Nxg2 24. Rxg2 Qxg2+ 25. Qxg2 Bxg2+ 26. Kxg2 Re2+ 27.
Kf1 Rxd2 0-1

[Event "Campeonato Pan-Americano Sub-20 Feminino"]
[Site "CXSP, São Paulo"]
[Date "2012.07.02"]
[Round "7.4"]
[White "Guimaraes, Artemis Pamela"]
[Black "Cordero, Daniela"]
[Result "0-1"]
[WhiteElo "2042"]
[BlackElo "2090"]
[PlyCount "114"]
[EventDate "2012.06.29"]

1. e4 e6 2. d4 d5 3. Nd2 c5 4. exd5 exd5 5. Ngf3 Nf6 6. Bb5+ Bd7 7. Bxd7+ Nbxd7
8. O-O Be7 9. Re1 O-O 10. Nf1 c4 11. Ng3 Re8 12. Bf4 Qb6 13. Rb1 Bb4 14. Rxe8+
Rxe8 15. c3 Bd6 16. Bxd6 Qxd6 17. Qd2 Ne4 18. Qe3 Ndf6 19. Ne5 Nxg3 20. Qxg3
Qa6 21. Ra1 Qa4 22. Qf4 Qc2 23. Qc1 Qe2 24. f3 Nh5 25. b3 f6 26. Ng4 g5 27.
bxc4 Qxc4 28. Ne3 Qc6 29. c4 Nf4 30. Kf1 Nd3 31. Qd2 dxc4 32. Kg1 Qb6 33. Nf5
Qe6 34. g4 Qe2 35. Qxe2 Rxe2 36. Rd1 c3 37. Rxd3 c2 38. Rc3 Re1+ 39. Kf2 c1=Q
40. Rxc1 Rxc1 41. d5 Kf8 42. Ke3 Ra1 43. d6 Ke8 44. Ke4 Kd7 45. Nd4 Rxa2 46.
Kf5 Ra4 47. Ne6 Kxd6 48. Kxf6 b5 49. Nxg5 Rf4+ 50. Kg7 b4 51. Ne4+ Rxe4 52.
fxe4 b3 53. Kf6 b2 54. e5+ Kc7 55. h4 b1=Q 56. h5 h6 57. g5 hxg5 0-1

[Event "Campeonato Pan-Americano Sub-20 Feminino"]
[Site "CXSP, São Paulo"]
[Date "2012.07.02"]
[Round "7.6"]
[White "Dall`orsoletta, Alaize"]
[Black "Rodrigues, Fernanda Dos Santos"]
[Result "1/2-1/2"]
[WhiteElo "1728"]
[BlackElo "1893"]
[PlyCount "48"]
[EventDate "2012.06.29"]

1. d4 Nf6 2. c4 e6 3. Nc3 Bb4 4. e3 Bxc3+ 5. bxc3 c5 6. Bd3 Nc6 7. Nf3 d6 8.
O-O h6 9. Qe2 O-O 10. Rd1 Qc7 11. e4 e5 12. h3 b6 13. d5 Ne7 14. Nh4 Re8 15.
Qf3 Ng6 16. Nxg6 fxg6 17. Bxh6 Rf8 18. Be3 Nxd5 19. Qg3 Nxe3 20. Qxe3 Be6 21.
Bf1 Rf6 22. Rd2 Raf8 23. Rad1 Bd7 24. Bd3 Ba4 1/2-1/2